000 00217nam a22000857a 4500
008 170104b xxu||||| |||| 00| 0 eng d
100 _92250
_aChugh.R.K
245 _aComputer Activty Book-1
260 _aNew Delhi
_bG.R.B
_c2012
999 _c5137
_d5137